00986naa#a2200193#i#4500001001500000005001700015011001400032100004100046102000700087200018100094210023600275215001000511608004500521675005400566700005200620700006400672700003200736856002400768RU\\bibl\9069920260512172035.2##a2312-7937##a20241119b2024####ek#y0rusy0150####ca##aRU1#aОСОБЕННОСТИ ВОССТАНОВЛЕНИЯ ПАПИЛЛЯРНЫХ УЗОРОВ ИЗМЕНЕННЫХ КИСТЕЙ РУК ТРУПОВeЖурнальная статья1#aДомодедовоcВсероссийский институт повышения квалификации сотрудников Министерства внутренних дел Российской Федерацииd2024##a6 с.##aЖурнальная статья2local##aПраво. Юридические науки. 34#1aГераськинgМихаил Юрьевич#1aЗАТЕЛЯПИНgСЕРГЕЙ АЛЕКСАНДРОВИЧ#1aКузовлеваgО. В.4#avipkmvd.editorum.ru